Music Quiz

Random Music or Singers Quiz

'C' Band and Singer 10 to 1 Quiz Stats

 Plays Quiz not verified by Sporcle

Score 0/55 Timer 06:00
5 Plays Today
% Correct
Bad Moon Rising
95.3%
Have You Ever Seen the Rain?
91%
Fortunate Son
89.5%
London Calling
88.6%
Born On the Bayou
88.2%
Rock the Casbah
87.8%
Proud Mary
86.8%
Down On the Corner
86.1%
Should I Stay or Should I Go?
85.2%
Viva la Vida
83.3%
Clocks
82.5%
Who'll Stop the Rain
82.2%
25 or 6 to 4
80.9%
Lookin' Out My Back Door
79.7%
Drive
79.4%
Up Around the Bend
76.6%
Friday, I'm In Love
76.4%
Sunshine of Your Love
76.2%
If You Leave Me Now
75.1%
Yellow
74.6%
Hard To Say I'm Sorry
74.4%
Brick House
74.1%
White Room
72.7%
Just What I Needed
72%
Three Times a Lady
71.9%
I Fought the Law
71.7%
You're the Inspiration
70.5%
Saturday In the Park
70.3%
% Correct
Good Times Roll
69.6%
The Guns of Brixton
69.5%
My Best Friend's Girl
69.3%
Suite: Judy Blue Eyes
65.7%
Teach Your Children
65.6%
The Scientist
64.8%
You Might Think
64.6%
Fix You
64.4%
Ohio
63.3%
Train in Vain
62.9%
White Riot
60.7%
Run Through the Jungle
59.8%
Spanish Bombs
58.3%
Just Like Heaven
58.2%
Strange Brew
58%
Let's Go
57%
Superfly
55.2%
Our House
53.9%
Lost In the Super Market
51%
Déjà Vu
49.9%
Carry On
47.9%
Nightshift
47.1%
Look Away
44.8%
Make Me Smile
43.1%
Bye Bye Love
41%
Just You N' Me
39.4%
Still
31.3%

You're not logged in!

Compare scores with friends on all Sporcle quizzes.
OR
Log In

Sporcle TV

Today on Sporcle TV


Watch our educational content, quiz creation guides, and fun videos on Sporcle TV.

Show Comments

Extras

Top Quizzes Today


Score Distribution

Your Account Isn't Verified!

In order to create a playlist on Sporcle, you need to verify the email address you used during registration. Go to your Sporcle Settings to finish the process.

Report this User

Report this user for behavior that violates our Community Guidelines.

Details: